| 000 | 01281nam a22002297a 4500 | ||
|---|---|---|---|
| 999 |
_c59278 _d59278 |
||
| 003 | Ge_BSU | ||
| 005 | 20221229112656.0 | ||
| 008 | 221229s2022ge xxu||||| |||| 00| 0 geo d | ||
| 020 | _a9789941334030 | ||
| 041 | _ageo | ||
| 080 | _a005.44+338.2(479/22)+339.56(479.22) ქ-16 | ||
| 100 |
_aქათამაძე, დავით _92027 |
||
| 245 |
_aღია ეკონომიკის რეგულირების პრობლემები გლობალიზაციის პირობებში : _bმონოგრაფია / _cდავით ქათამაძე, გულიკო ქათამაძე, რედ. ბადრი გეჩბაია |
||
| 264 |
_aთბილისი : _bუნივერსალი, _c2022. |
||
| 300 |
_a305 გვ.: _b20 სმ. |
||
| 653 | _aღია ეკონომიკის რეგულირების პრობლემები გლობალიზაციის პირობებში : | ||
| 653 | _aმენეჯმენტი | ||
| 653 | _aეკონომიკა | ||
| 700 |
_aქათამაძე, გულიკო _92028 |
||
| 700 |
_a გეჩბაია, ბადრი _eრედაქტორი _916620 |
||
| 942 |
_2udc _cBK |
||